La servitu predicale nel Diritto Romano (Record no. 33479)

MARC details
000 -LEADER
campo de control de longitud fija 00480nam a2200145 i 4500
001 - NÚMERO DE CONTROL
campo de control 33479
003 - IDENTIFICADOR DE NÚMERO DE CONTROL
campo de control ES-MaACL
007 - CAMPO FIJO DE DESCRIPCIÓN FÍSICA--INFORMACIÓN GENERAL
campo de control de longitud fija t|
008 - DATOS DE LONGITUD FIJA--INFORMACIÓN GENERAL
campo de control de longitud fija 030202s1946 it ||||1| ita d
100 1# - ENTRADA PRINCIPAL--NOMBRE DE PERSONA
Nombre de persona Biondi, Biondo.
9 (RLIN) 28939
245 13 - MENCIÓN DEL TÍTULO
Título La servitu predicale nel Diritto Romano
Resto del título : (corso di lezioni) /
Mención de responsabilidad, etc. Biondo Biondi.
260 ## - PUBLICACIÓN, DISTRIBUCIÓN, ETC.
Lugar de publicación, distribución, etc. Milano :
Nombre del editor, distribuidor, etc. Dott. A. Giuffrè,
Fecha de publicación, distribución, etc. 1946 (
Lugar de fabricación/manufactura Cittá di Castello :
Fabricante Unione Arti Grafiche)
300 ## - DESCRIPCIÓN FÍSICA
Extensión XII, 314 p. ;
Dimensiones 25 cm.
852 ## - LOCALIZACIÓN
Ubicación ES-MaACL
Número de control de estantería B-805
Sublocalización o colección R.23860
Holdings
Estatus retirado Estado de pérdida Estado de daño No para préstamo Biblioteca de origen Biblioteca actual Ubicación en estantería Fecha de adquisición Fuente de adquisición Total de préstamos Signatura topográfica completa Código de barras Visto por última vez Precio de reemplazo Tipo de ítem Koha
        Biblioteca del Ateneo de Madrid Biblioteca del Ateneo de Madrid Sala Pardo Bazán 17/01/2008     B-805 1034835 23/02/2023 23/02/2023 Libro impreso